000 01905nam a2200289 a 4500
001 BRCA_8786
005 20190320210418.0
008 170417s1774----sp-#######---#000-0#spa-#
041 _aspa
044 _asp
084 _aBE165
_b.F54 1774
100 1 _aFlecher, Espiritu
_921901
245 1 0 _aSermones morales
_cpredicados delante del rey por el Ilmo. Señor Espiritu Flecher, Obispo de Nimes, con sus discursos sinodales, y otros sermones predicados en la Apertura de los Estados de Lenguadoc, y en su cCatedrla; traducidos del francés al español por Don Juan Arribas y Soria...
260 _aMadrid
_bEn la oficina de la Viuda de Manuel Fernández
_c1774
300 _a[2], 312 p. (t.5)
_c20.5 x 14.5 cm.
500 _aCon privilegio para seis tomos
500 _aSe hallará en la Librería de Manuel de Godos, en las Gradas de San Phelipe el Real
500 _aEstado físico: presenta encuadernación en pergamino
500 _aCon marca de fuego: “Procedencia de la marca: Colegio Jesuita de San Francisco Xavier de la Ciudad de Querétaro (1). Institución: Provincia Mexicana de la Compañía de Jesús. Descripción: Iniciales S. Xr. Q. que se desata como S[an] X[avie]r [de] Q[uerétaro.]. Observaciones: A falta de un testimonio de pertenencia se hace la atribución de la marca en función a la realizada por David Saavedra Vega. Se espera localizar otro ejemplar que corrobore esta atribución. Ubicación de la marca en el libro: Canto superior”
505 0 _aContiene: Primero de los morales
650 1 4 _aSermones
_yObras anteriores a 1800
_921369
700 1 _aArribas y Soria, Juan de
_etr.
_921902
700 1 _aFernández, Manuel
_eImpresor
_921903
856 _ahttp://www.marcasdefuego.buap.mx:8180/xmLibris/projects/firebrand/item.jsp?repository=marcas_de_fuego&key=marcas_de_fuego_marcas_de_fuego_20151006120916_4064.xml&num=5
902 _aCFM
942 _2lcc
_cB
999 _c8437
_d8437